[Event "Schleswig Holstein-ch Seniors op 10th"]
[Site "Buesum"]
[Date "2016.10.04"]
[Round "9"]
[White "Gerhardt, Peter Michael"]
[Black "Glaeser, Wilfried"]
[Result "1/2-1/2"]
[WhiteElo "2022"]
[BlackElo "2153"]
[PlyCount "129"]
[EventDate "2016.09.26"]
[EventType "swiss"]
[EventRounds "9"]
[EventCountry "GER"]
[SourceTitle "EXT 2019"]
[Source "ChessBase"]
[SourceDate "2018.10.10"]
[SourceVersion "1"]
[SourceVersionDate "2018.10.10"]
[SourceQuality "1"]

1. d4 d5 2. c4 e5 3. dxe5 d4 4. Nf3 Nc6 5. a3 Nge7 6. b4 Ng6 7. Bb2 a5 8. b5 Ncxe5 9. Nxe5 Nxe5 10. Bxd4 Nxc4 11. e3 Be6 12. Be2 Qd7 13. 0-0 Nd6 14. Nc3 f6 15. Bh5+ g6 16. Bf3 Bg7 17. Na4 Qf7 18. Nc5 Bd5 19. Bxd5 Qxd5 20. a4 0-0 21. Qb3 Qxb3 22. Nxb3 b6 23. Rac1 Rf7 24. Rc6 Rd8 25. g3 Ne8 26. Rfc1 Rfd7 27. Kg2 Kf7 28. g4 Rd6 29. h3 Rxc6 30. Rxc6 Rd6 31. Rc2 f5 32. gxf5 gxf5 33. Kf3 Rh6 34. Kg2 Bf8 35. Be5 Bd6 36. Bxd6 Rxd6 37. Rc4 Kf6 38. Rh4 Rd7 39. Nd4 Nd6 40. Rf4 Rg7+ 41. Kf1 Ke5 42. Nf3+ Kd5 43. Rd4+ Ke6 44. Nd2 Nb7 45. Nb3 Nc5 46. Nxc5+ bxc5 47. Rd8 Rd7 48. Rxd7 Kxd7 49. Ke2 Kd6 50. Kd3 Kd5 51. f3 c4+ 52. Kc3 Kc5 53. e4 fxe4 54. fxe4 h6 55. e5 Kd5 56. e6 Kxe6 57. Kxc4 Kd6 58. Kd4 c6 59. b6 h5 60. h4 c5+ 61. Kc4 Kc6 62. b7 Kxb7 63. Kxc5 Kc7 64. Kb5 Kd6 65. Kxa5 1/2-1/2

[Event "Schleswig Holstein-ch Seniors op 10th"]
[Site "Buesum"]
[Date "2016.10.02"]
[Round "7"]
[White "Kaufmann, Helmut"]
[Black "Glaeser, Wilfried"]
[Result "0-1"]
[WhiteElo "1986"]
[BlackElo "2153"]
[PlyCount "108"]
[EventDate "2016.09.26"]
[EventType "swiss"]
[EventRounds "9"]
[EventCountry "GER"]
[SourceTitle "EXT 2019"]
[Source "ChessBase"]
[SourceDate "2018.10.10"]
[SourceVersion "1"]
[SourceVersionDate "2018.10.10"]
[SourceQuality "1"]

1. d4 c5 2. e3 Nf6 3. Nf3 g6 4. Bd3 Bg7 5. 0-0 0-0 6. Nbd2 d6 7. h3 Nc6 8. c3 a6 9. Qe2 Qc7 10. Re1 b5 11. b3 cxd4 12. cxd4 Nb4 13. Bb2 Nxd3 14. Qxd3 Bb7 15. e4 Rac8 16. Rac1 Qd7 17. b4 Rxc1 18. Bxc1 Rc8 19. Qb3 Nxe4 20. Nxe4 Bxe4 21. Ng5 d5 22. Bb2 Bc2 23. Qg3 h6 24. Nf3 Be4 25. Ne5 Qf5 26. Rc1 Rxc1+ 27. Bxc1 Qc8 28. Bb2 Qc2 29. Qc3 Qxc3 30. Bxc3 Bf5 31. g4 Bc8 32. Kg2 g5 33. Nd3 Kf8 34. Nc5 Ke8 35. Kf3 Kd8 36. Ke3 Kc7 37. f4 gxf4+ 38. Kxf4 Bf6 39. Kg3 Kd6 40. Nd3 Bg7 41. Kf4 h5 42. gxh5 Bxh3 43. Kg5 Bf6+ 44. Kh6 Bf5 45. Nc5 Bc2 46. Nxa6 Bh4 47. Kg7 f5 48. h6 f4 49. Bd2 f3 50. Be3 f2 51. Bxf2 Bxf2 52. h7 Bxd4+ 53. Kg8 Bxh7+ 54. Kxh7 e5 0-1

[Event "Sachsen-Anhalt-ch Seniors 24th"]
[Site "Halberstadt"]
[Date "2016.06.03"]
[Round "6"]
[White "Koehler, Gerhard"]
[Black "Glaeser, Wilfried"]
[Result "1-0"]
[WhiteElo "2226"]
[BlackElo "2152"]
[PlyCount "147"]
[EventDate "2016.05.29"]
[EventType "swiss"]
[EventRounds "7"]
[EventCountry "GER"]
[SourceTitle "EXT 2019"]
[Source "ChessBase"]
[SourceDate "2018.10.10"]
[SourceVersion "1"]
[SourceVersionDate "2018.10.10"]
[SourceQuality "1"]

1. c4 c5 2. Nc3 Nc6 3. g3 g6 4. Bg2 Bg7 5. a3 e5 6. b4 d6 7. bxc5 dxc5 8. Bxc6+ bxc6 9. Qa4 Ne7 10. Rb1 0-0 11. Ne4 Bf5 12. d3 Bxe4 13. dxe4 Rb8 14. Rxb8 Qxb8 15. Qc2 Qd6 16. Nf3 Rd8 17. 0-0 Nc8 18. a4 f6 19. Be3 Bf8 20. Rb1 Qc7 21. Ne1 Nb6 22. Nd3 Nd7 23. Bd2 Rb8 24. Rxb8 Qxb8 25. f3 Bd6 26. Qb2 Qxb2 27. Nxb2 Bc7 28. Kf2 Kf7 29. e3 Ke6 30. Nd3 Bd8 31. g4 g5 32. Bc3 Bc7 33. Ke2 Kd6 34. Kd2 Ke6 35. Kc2 Kd6 36. Kb3 Ke6 37. Bd2 Kd6 38. Be1 Ke6 39. Kc2 Kd6 40. h4 gxh4 41. Bxh4 Bd8 42. f4 Ke6 43. fxe5 Nxe5 44. Nxe5 Kxe5 45. Kd3 Ke6 46. Bg3 Ba5 47. Bb8 a6 48. Ke2 Bc3 49. Bf4 Be5 50. Kf3 Kf7 51. Kg3 Kg6 52. Kh4 Bc3 53. Bd6 Be1+ 54. Kh3 Bb4 55. Kg3 h5 56. gxh5+ Kxh5 57. Kf4 Kg6 58. e5 fxe5+ 59. Kxe5 Kf7 60. Kf5 Ba3 61. e4 Bb4 62. e5 Ba3 63. e6+ Ke8 64. Ke4 Bb4 65. Kd3 Ba3 66. Kc3 Bb4+ 67. Kb3 Kd8 68. Kc2 Be1 69. Bxc5 Bh4 70. Kd3 Be7 71. Kd4 Bf6+ 72. Ke4 Ke8 73. Bd6 Bg5 74. Kd4 1-0

[Event "Schleswig Holstein-ch Seniors op 9th"]
[Site "Buesum"]
[Date "2015.09.30"]
[Round "3"]
[White "Glaeser, Wilfried"]
[Black "Schumacher, Gottfried"]
[Result "1/2-1/2"]
[WhiteElo "2135"]
[BlackElo "2246"]
[PlyCount "74"]
[EventDate "2015.09.28"]
[EventType "swiss"]
[EventRounds "9"]
[EventCountry "GER"]
[SourceTitle "EXT 2018"]
[Source "ChessBase"]
[SourceDate "2017.10.13"]
[SourceVersion "1"]
[SourceVersionDate "2017.10.13"]
[SourceQuality "1"]

1. Nf3 c5 2. c4 Nf6 3. g3 d5 4. cxd5 Nxd5 5. Bg2 Nc6 6. Nc3 g6 7. 0-0 Bg7 8. Ne5 Bxe5 9. Nxd5 0-0 10. d3 Bg4 11. Bh6 Re8 12. Qd2 Rc8 13. Rac1 Nd4 14. Rfe1 Qd7 15. Ne3 Be6 16. b3 b6 17. Nc4 Bh8 18. Bf4 Bd5 19. Be5 Bxg2 20. Bxh8 Bb7 21. Bxd4 Qd5 22. f3 cxd4 23. Na3 Qe5 24. Rxc8 Rxc8 25. Nc4 Qe6 26. e4 dxe3 27. Qxe3 Qxe3+ 28. Rxe3 Kf8 29. a4 Bd5 30. Kf2 f6 31. f4 Rc6 32. Re2 a6 33. Rb2 b5 34. axb5 axb5 35. Na3 Rc3 36. Ke3 b4 37. Nc2 Bxb3 1/2-1/2

[Event "Sachsen-Anhalt-ch Seniors 23rd"]
[Site "Halberstadt"]
[Date "2015.06.01"]
[Round "2"]
[White "Micheel, Peter"]
[Black "Glaeser, Wilfried"]
[Result "0-1"]
[WhiteElo "1770"]
[BlackElo "1962"]
[PlyCount "30"]
[EventDate "2015.05.31"]
[EventType "swiss"]
[EventRounds "7"]
[EventCountry "GER"]
[SourceTitle "EXT 2018"]
[Source "ChessBase"]
[SourceDate "2017.10.13"]
[SourceVersion "1"]
[SourceVersionDate "2017.10.13"]
[SourceQuality "1"]

1. d4 d5 2. c4 e5 3. dxe5 d4 4. Nf3 Nc6 5. g3 Nge7 6. Bg2 Ng6 7. 0-0 Ngxe5 8. Nxe5 Nxe5 9. Na3 Be7 10. b3 0-0 11. Bb2 c5 12. e3 Nc6 13. Bxc6 bxc6 14. exd4 cxd4 15. Qxd4 Qxd4 0-1

[Event "Sachsen-Anhalt-ch Seniors 23rd"]
[Site "Halberstadt"]
[Date "2015.05.31"]
[Round "1"]
[White "Glaeser, Wilfried"]
[Black "Merettig, Georg"]
[Result "1-0"]
[WhiteElo "1962"]
[BlackElo "1712"]
[PlyCount "53"]
[EventDate "2015.05.31"]
[EventType "swiss"]
[EventRounds "7"]
[EventCountry "GER"]
[SourceTitle "EXT 2018"]
[Source "ChessBase"]
[SourceDate "2017.10.13"]
[SourceVersion "1"]
[SourceVersionDate "2017.10.13"]
[SourceQuality "1"]

1. Nf3 Nc6 2. c4 f5 3. d4 e6 4. g3 Nce7 5. Bg2 Nf6 6. 0-0 c6 7. Nc3 Ng6 8. Qc2 Bb4 9. e4 Bxc3 10. exf5 Ne7 11. bxc3 Nxf5 12. Ba3 Ne7 13. Rfe1 0-0 14. Rad1 b6 15. d5 cxd5 16. cxd5 Nfxd5 17. Ng5 Rf5 18. Bxe7 Nxe7 19. Nxe6 Qe8 20. Nxg7 Kxg7 21. Bxa8 d6 22. Rxd6 Rh5 23. Qe2 Kf8 24. Bc6 Qf7 25. Rd8+ Kg7 26. Be8 Qf6 27. Bxh5 1-0

[Event "Sachsen-Anhalt-ch Seniors 22nd"]
[Site "Halberstadt"]
[Date "2014.05.31"]
[Round "7"]
[White "Glaeser, Wilfried"]
[Black "Kirmas, Joachim"]
[Result "1-0"]
[WhiteElo "1948"]
[BlackElo "1871"]
[PlyCount "71"]
[EventDate "2014.05.25"]
[EventType "swiss"]
[EventRounds "7"]
[EventCountry "GER"]
[SourceTitle "EXT 2018"]
[Source "ChessBase"]
[SourceDate "2017.10.13"]
[SourceVersion "1"]
[SourceVersionDate "2017.10.13"]
[SourceQuality "1"]

1. Nf3 Nf6 2. c4 e6 3. b3 g6 4. Bb2 Bg7 5. g3 0-0 6. Bg2 d5 7. 0-0 c6 8. d4 Nbd7 9. Nc3 Re8 10. Qc2 b6 11. e4 dxe4 12. Nxe4 Nxe4 13. Qxe4 Bb7 14. Rad1 Qc7 15. Ne5 Nxe5 16. dxe5 Rad8 17. Qe2 Bf8 18. Bc1 Bg7 19. Bf4 h6 20. h4 h5 21. Rfe1 Rxd1 22. Rxd1 Rd8 23. Rd6 Bf8 24. Rd3 Be7 25. Be4 Rxd3 26. Qxd3 Qd8 27. Bxg6 Qxd3 28. Bxd3 Kg7 29. Be4 Bc5 30. Bg5 a5 31. Kg2 a4 32. Bf6+ Kh6 33. f3 axb3 34. axb3 Bd4 35. g4 hxg4 36. fxg4 1-0

[Event "Muensterland op 29th"]
[Site "Senden"]
[Date "2011.10.21"]
[Round "1"]
[White "Torres Kuckel, Rafael"]
[Black "Glaeser, Wilfried"]
[Result "1-0"]
[WhiteElo "2243"]
[BlackElo "2215"]
[PlyCount "49"]
[EventDate "2011.10.21"]
[EventType "swiss"]
[EventRounds "9"]
[EventCountry "GER"]
[SourceTitle "EXT 2012"]
[Source "ChessBase"]
[SourceDate "2011.11.24"]
[SourceVersion "1"]
[SourceVersionDate "2011.11.24"]
[SourceQuality "1"]

1. e4 e5 2. Nf3 Nc6 3. Bb5 a6 4. Ba4 Nf6 5. d4 exd4 6. 0-0 Be7 7. e5 Ne4 8. Nxd4 Nxd4 9. Qxd4 Nc5 10. Nc3 0-0 11. Nd5 b5 12. Bb3 Nxb3 13. axb3 Bb7 14. Bf4 c5 15. Qd2 Bc6 16. Rfe1 Re8 17. Rad1 Ra7 18. h3 a5 19. Qe3 Rb7 20. Qg3 Kh8 21. Be3 a4 22. Qg4 axb3 23. cxb3 Ra7 24. b4 Ra2 25. bxc5 1-0

[Event "Langenhagen-ch op"]
[Site "Langenhagen"]
[Date "2005.07.01"]
[Round "6"]
[White "Wildeboer, Jan"]
[Black "Glaeser, Wilfried"]
[Result "0-1"]
[WhiteElo "1421"]
[BlackElo "2132"]
[PlyCount "52"]
[EventDate "2005.05.06"]
[EventType "tourn"]
[EventRounds "9"]
[EventCountry "GER"]
[SourceTitle "EXT 2021"]
[Source "ChessBase"]
[SourceDate "2020.10.23"]
[SourceVersion "1"]
[SourceVersionDate "2020.10.23"]
[SourceQuality "1"]

1. e4 e5 2. Nf3 d6 3. d4 Nd7 4. Bc4 Be7 5. Nc3 c6 6. d5 Ngf6 7. 0-0 0-0 8. Nh4 Nb6 9. Bd3 Nfxd5 10. exd5 Bxh4 11. dxc6 bxc6 12. f4 f5 13. b3 e4 14. Nxe4 fxe4 15. Bxe4 d5 16. Bd3 Bf5 17. Bb2 Bxd3 18. Qxd3 Bf6 19. c3 Re8 20. Rf3 Qd7 21. Raf1 Re4 22. Rh3 Rae8 23. Ba3 Qg4 24. Bc5 Qe2 25. Qg3 d4 26. Bxd4 Rxd4 0-1

[Event "Langenhagen-ch op"]
[Site "Langenhagen"]
[Date "2005.06.03"]
[Round "3"]
[White "Glaeser, Wilfried"]
[Black "Guitkis, Alexej"]
[Result "1/2-1/2"]
[WhiteElo "2132"]
[BlackElo "2053"]
[PlyCount "100"]
[EventDate "2005.05.06"]
[EventType "tourn"]
[EventRounds "9"]
[EventCountry "GER"]
[SourceTitle "EXT 2021"]
[Source "ChessBase"]
[SourceDate "2020.10.23"]
[SourceVersion "1"]
[SourceVersionDate "2020.10.23"]
[SourceQuality "1"]

1. e4 c5 2. Nf3 d6 3. d4 cxd4 4. Qxd4 Nc6 5. Bb5 Bd7 6. Bxc6 Bxc6 7. c4 Nf6 8. Nc3 g6 9. 0-0 Bg7 10. Qd3 0-0 11. Nd4 Nd7 12. Rd1 Rc8 13. b3 Qa5 14. Bb2 a6 15. Rac1 Rfe8 16. Rc2 b5 17. cxb5 axb5 18. Nxc6 Rxc6 19. Nd5 Rxc2 20. Qxc2 Bxb2 21. Qxb2 e6 22. Ne3 Rc8 23. h4 Qb4 24. Qd4 Qxd4 25. Rxd4 Rc6 26. a4 bxa4 27. bxa4 Kf8 28. a5 Nc5 29. f3 Ra6 30. Nc4 Nb7 31. Rd2 Rc6 32. Ra2 Nc5 33. Nb6 Na6 34. Kh2 Ke7 35. Ra4 Rc5 36. Kg3 f5 37. Kf4 fxe4 38. fxe4 h6 39. g3 Rc3 40. Kg4 h5+ 41. Kh3 Rc5 42. Nc4 Kd7 43. Nd2 Rc3 44. Rc4 Ra3 45. Rd4 e5 46. Rxd6+ Kxd6 47. Nc4+ Kc5 48. Nxa3 Kd4 49. g4 Kxe4 50. gxh5 gxh5 1/2-1/2